[Event "COL-ch sf"]
[Site "Pereira"]
[Date "2024.03.29"]
[Round "6"]
[White "Campos Gomez, Manuel"]
[Black "Bolanos Lopez, Juan Jacobo"]
[Result "1/2-1/2"]
[WhiteElo "2281"]
[BlackElo "2075"]
[PlyCount "83"]
[EventDate "2024.03.26"]
[EventType "swiss"]
[EventRounds "11"]
[EventCountry "COL"]
[SourceTitle "CB14_2024"]
[SourceDate "2024.04.01"]
[SourceVersion "1"]
[SourceVersionDate "2024.04.01"]
[SourceQuality "1"]

1. d4 d5 2. Nf3 Nf6 3. c4 e6 4. g3 Be7 5. Bg2 0-0 6. 0-0 dxc4 7. Qc2 a6 8. a4 Bd7 9. Qxc4 Bc6 10. Bg5 Bd5 11. Qd3 Be4 12. Qd1 c5 13. dxc5 h6 14. Bxf6 Bxf6 15. Nbd2 Bc6 16. Qc2 Nd7 17. Rfc1 Rc8 18. e4 Qa5 19. Nb3 Qb4 20. Qc4 Qxc4 21. Rxc4 Bxb2 22. Rb1 Ba3 23. Ra1 Bb2 24. Rb1 Ba3 25. Na5 Bxc5 26. Nxc6 Rxc6 27. Bf1 b6 28. Rc2 a5 29. Bb5 Rc7 30. e5 Nb8 31. Rd1 Rfc8 32. Rcd2 Nc6 33. Ba6 Ra8 34. Bb5 Kf8 35. Rd7 Rxd7 36. Rxd7 Rc8 37. Kg2 g6 38. h4 Kg7 39. Bc4 Kf8 40. Bb5 Nb4 41. Nd2 Nc6 42. Nf3 1/2-1/2

[Event "COL-ch U20"]
[Site "Cali"]
[Date "2024.03.03"]
[Round "9"]
[White "Bolanos Lopez, Juan Jacobo"]
[Black "Loaiza Cuervo, Santiago"]
[Result "1/2-1/2"]
[WhiteElo "2075"]
[BlackElo "2039"]
[PlyCount "63"]
[EventDate "2024.02.28"]
[EventType "swiss"]
[EventRounds "9"]
[EventCountry "COL"]
[SourceTitle "CB11_2024"]
[SourceDate "2024.03.13"]
[SourceVersion "1"]
[SourceVersionDate "2024.03.13"]
[SourceQuality "1"]

1. e4 c5 2. c3 Nf6 3. e5 Nd5 4. d4 cxd4 5. cxd4 e6 6. Nf3 b6 7. Bc4 Ba6 8. Bxa6 Nxa6 9. 0-0 Be7 10. Nc3 Nxc3 11. bxc3 0-0 12. Qd3 Nc7 13. c4 d5 14. exd6 Qxd6 15. a4 Na6 16. Ba3 Nb4 17. Bxb4 Qxb4 18. Rfb1 Qd6 19. a5 Bf6 20. g3 g6 21. Rb5 Rfd8 22. Rd1 Rac8 23. axb6 axb6 24. Qb3 Qc6 25. Rxb6 Qxc4 26. Qxc4 Rxc4 27. d5 Rc5 28. d6 Rd5 29. Rxd5 exd5 30. d7 Be7 31. Rb7 Bf6 32. Rb6 1/2-1/2

[Event "COL-ch U20"]
[Site "Cali"]
[Date "2024.03.02"]
[Round "6"]
[White "Mora Munoz, Alejandro"]
[Black "Bolanos Lopez, Juan Jacobo"]
[Result "0-1"]
[WhiteElo "1983"]
[BlackElo "2075"]
[PlyCount "80"]
[EventDate "2024.02.28"]
[EventType "swiss"]
[EventRounds "9"]
[EventCountry "COL"]
[SourceTitle "CB11_2024"]
[SourceDate "2024.03.13"]
[SourceVersion "1"]
[SourceVersionDate "2024.03.13"]
[SourceQuality "1"]

1. e4 c5 2. Nf3 d6 3. d4 cxd4 4. Nxd4 Nf6 5. Nc3 a6 6. f3 e6 7. g4 h6 8. Be3 b5 9. a3 Nbd7 10. Qd2 Bb7 11. 0-0-0 d5 12. exd5 Nxd5 13. Nxd5 Bxd5 14. Be2 Rb8 15. Nf5 Nf6 16. Bf4 exf5 17. Bxb8 Qxb8 18. Rhe1 Bd6 19. Qa5 0-0 20. gxf5 b4 21. a4 Bb7 22. Qb6 Nd5 23. Qf2 Bf4+ 24. Kb1 Bc6 25. Bc4 Nb6 26. Ba2 Nxa4 27. f6 g5 28. Qe2 Nc5 29. Qc4 b3 30. cxb3 Qb5 31. b4 Qxc4 32. Bxc4 Nd7 33. Bxa6 Nxf6 34. Rd3 Rb8 35. Rc3 Bd7 36. Re2 Rxb4 37. Bc8 Bb5 38. Rec2 Nd5 39. Ra3 Rd4 40. Rc5 Nb4 0-1

[Event "COL-ch U20"]
[Site "Cali"]
[Date "2024.03.01"]
[Round "4"]
[White "Garzon Camelo, Andres Santiago"]
[Black "Bolanos Lopez, Juan Jacobo"]
[Result "1-0"]
[WhiteElo "2081"]
[BlackElo "2075"]
[PlyCount "107"]
[EventDate "2024.02.28"]
[EventType "swiss"]
[EventRounds "9"]
[EventCountry "COL"]
[SourceTitle "CB11_2024"]
[SourceDate "2024.03.13"]
[SourceVersion "1"]
[SourceVersionDate "2024.03.13"]
[SourceQuality "1"]

1. e4 c5 2. Nf3 e6 3. c3 Nf6 4. e5 Nd5 5. Bc4 Nb6 6. Bb3 d5 7. exd6 Qxd6 8. d4 Nc6 9. 0-0 Be7 10. Na3 a6 11. Be3 cxd4 12. Nxd4 Nxd4 13. Bxd4 0-0 14. Qe2 Nd5 15. Rad1 Qc7 16. Be5 Bd6 17. Bxd6 Qxd6 18. Nc4 Qc7 19. Ne5 b5 20. Rfe1 Bb7 21. Rd4 Rad8 22. Red1 Nf6 23. Rxd8 Rxd8 24. Rxd8+ Qxd8 25. Nxf7 Kxf7 26. Qxe6+ Kg6 27. Qf7+ Kh6 28. Qxb7 Qd2 29. g3 Qxb2 30. Qf3 Qb1+ 31. Kg2 Qe4 32. c4 bxc4 33. Qxe4 Nxe4 34. Bxc4 a5 35. a4 Kg5 36. Bd3 Nc3 37. Bc2 Kf6 38. Kf3 Ke5 39. Ke3 Nd5+ 40. Kd2 h6 41. Bb3 Nb6 42. Kd3 g5 43. Ke3 g4 44. Kd3 h5 45. Ke3 Nd7 46. Bf7 Nf6 47. Kd3 Kd6 48. Kc4 Ne4 49. Kb5 Nxf2 50. Bxh5 Ke5 51. Kxa5 Kf5 52. Kb6 Ne4 53. a5 Nd6 54. a6 1-0

[Event "Titled Tuesday intern op 23rd Jan Late"]
[Site "Chess.com INT"]
[Date "2024.01.23"]
[Round "5"]
[White "Bolanos Lopez, Juan Jacobo"]
[Black "Coca Cubillos, Jesus Alberto"]
[Result "1-0"]
[WhiteElo "2039"]
[BlackElo "1944"]
[PlyCount "69"]
[EventDate "2024.01.23"]
[EventType "swiss (blitz)"]
[EventRounds "11"]
[EventCountry "USA"]
[SourceTitle "CB05_2024"]
[SourceDate "2024.01.31"]
[SourceVersion "1"]
[SourceVersionDate "2024.01.31"]
[SourceQuality "1"]

1. e4 g6 2. d4 Bg7 3. Nc3 d6 4. f4 Nc6 5. Nf3 Bg4 6. Be3 e5 7. fxe5 dxe5 8. d5 Nd4 9. Be2 Bxf3 10. Bxf3 c5 11. 0-0 Ne7 12. Bxd4 cxd4 13. Ne2 0-0 14. c4 f5 15. Qd3 b6 16. b4 Rc8 17. Rfc1 Rc7 18. c5 Nc8 19. d6 Rd7 20. Ng3 Qg5 21. Qc4+ Kh8 22. Qe6 Rdd8 23. d7 Ne7 24. c6 Rf6 25. c7 Rg8 26. Qxe7 fxe4 27. Nxe4 Qe3+ 28. Kh1 Rxf3 29. d8Q Qxe4 30. Qxg8+ Kxg8 31. c8Q+ Bf8 32. Qce6+ Kh8 33. Q6f6+ Rxf6 34. Qxf6+ Kg8 35. Rc8 1-0

[Event "Titled Tuesday intern op 23rd Jan Late"]
[Site "Chess.com INT"]
[Date "2024.01.23"]
[Round "6"]
[White "Bolanos Lopez, Juan Jacobo"]
[Black "Yurovskich, Oleksandr"]
[Result "0-1"]
[WhiteElo "2039"]
[BlackElo "2328"]
[PlyCount "82"]
[EventDate "2024.01.23"]
[EventType "swiss (blitz)"]
[EventRounds "11"]
[EventCountry "USA"]
[SourceTitle "CB05_2024"]
[SourceDate "2024.01.31"]
[SourceVersion "1"]
[SourceVersionDate "2024.01.31"]
[SourceQuality "1"]

1. e4 e6 2. d4 d5 3. Bd3 dxe4 4. Bxe4 Nf6 5. Bf3 Nbd7 6. Ne2 Bd6 7. 0-0 0-0 8. c4 e5 9. dxe5 Nxe5 10. Bd5 c6 11. Nbc3 cxd5 12. cxd5 a6 13. Bg5 h6 14. Bh4 Ng6 15. Bg3 Bxg3 16. hxg3 Qd6 17. Qd2 b5 18. Rfd1 Bb7 19. Nd4 Rfd8 20. Nf5 Qe5 21. Ne3 Rd7 22. f4 Qd6 23. Rac1 Rad8 24. Nf5 Qb6+ 25. Kh1 Ng4 26. Rc2 Qf6 27. Nd4 Bxd5 28. Qe2 h5 29. Rcd2 Bb7 30. Ne4 Bxe4 31. Qxe4 h4 32. f5 Rxd4 33. Rxd4 Nf2+ 34. Kg1 Nxe4 35. Rxd8+ Kh7 36. fxg6+ fxg6 37. Re8 Qf2+ 38. Kh1 Nxg3+ 39. Kh2 Nf1+ 40. Kh1 Ne3 41. Rdd8 Qxg2# 0-1

[Event "Titled Tuesday intern op 23rd Jan Late"]
[Site "Chess.com INT"]
[Date "2024.01.23"]
[Round "1"]
[White "Olsson, William"]
[Black "Bolanos Lopez, Juan Jacobo"]
[Result "1-0"]
[WhiteElo "2379"]
[BlackElo "2039"]
[PlyCount "69"]
[EventDate "2024.01.23"]
[EventType "swiss (blitz)"]
[EventRounds "11"]
[EventCountry "USA"]
[SourceTitle "CB05_2024"]
[SourceDate "2024.01.31"]
[SourceVersion "1"]
[SourceVersionDate "2024.01.31"]
[SourceQuality "1"]

1. c4 Nf6 2. g3 e6 3. Bg2 d5 4. Nf3 Be7 5. 0-0 0-0 6. d4 dxc4 7. Qc2 a6 8. a4 Bd7 9. Ne5 Bc6 10. Nxc6 Nxc6 11. e3 Na5 12. Nd2 Rb8 13. Nxc4 Nxc4 14. Qxc4 b5 15. Qe2 c5 16. axb5 axb5 17. dxc5 Bxc5 18. Rd1 Qb6 19. Bd2 Rfd8 20. Rdc1 b4 21. Be1 g6 22. Ra6 Qb5 23. Qxb5 Rxb5 24. Bf1 Rb6 25. Rxc5 Rxa6 26. Bxa6 Rd1 27. Kf1 Ne4 28. Rc8+ Kg7 29. Ke2 Rb1 30. Rb8 Rxb2+ 31. Kf1 b3 32. Bd3 Nxf2 33. Bc3+ Kh6 34. Bxb2 Nxd3 35. Rxb3 1-0

[Event "Titled Tuesday intern op 16th Jan Late"]
[Site "Chess.com INT"]
[Date "2024.01.16"]
[Round "6"]
[White "Spichkin, Alexander"]
[Black "Bolanos Lopez, Juan Jacobo"]
[Result "0-1"]
[WhiteElo "2035"]
[BlackElo "2039"]
[PlyCount "58"]
[EventDate "2024.01.16"]
[EventType "swiss (blitz)"]
[EventRounds "11"]
[EventCountry "USA"]
[SourceTitle "CB04_2024"]
[SourceDate "2023.10.16"]
[SourceVersion "1"]
[SourceVersionDate "2023.10.16"]
[SourceQuality "1"]

1. f4 d5 2. Nf3 Bg4 3. Ne5 Bf5 4. c4 c6 5. cxd5 cxd5 6. Qb3 Qc7 7. Nc3 e6 8. e3 a5 9. Bb5+ Nc6 10. Qa4 Rc8 11. Ne2 Bd6 12. Nd4 Nge7 13. 0-0 Bxe5 14. fxe5 Qxe5 15. Qxa5 0-0 16. Nxf5 Nxa5 17. Nxe7+ Kh8 18. Nxc8 Rxc8 19. Rb1 f6 20. b3 Rc2 21. a3 Qc7 22. Bd3 Rc6 23. h3 Nxb3 24. Bb2 Nxd2 25. Rxf6 gxf6 26. Bxf6+ Kg8 27. Rb2 Rc1+ 28. Kf2 Ne4+ 29. Kf3 Nxf6 0-1

[Event "Pan American-ch School U15 12th"]
[Site "Callao"]
[Date "2023.10.17"]
[Round "4"]
[White "Yujra Paredez, Ignacio Tadeo"]
[Black "Bolanos Lopez, Juan Jacobo"]
[Result "0-1"]
[WhiteElo "1611"]
[BlackElo "2021"]
[PlyCount "58"]
[EventDate "2023.10.16"]
[EventType "swiss"]
[EventRounds "9"]
[EventCountry "PER"]
[SourceTitle "Mega2024 Update 01"]
[Source "Chessbase"]
[SourceDate "2023.11.12"]
[SourceVersion "1"]
[SourceVersionDate "2023.11.12"]
[SourceQuality "1"]

1. e4 c5 2. Nc3 Nc6 3. g3 g6 4. Bg2 Bg7 5. d3 d6 6. f4 Rb8 7. Nf3 Nf6 8. 0-0 0-0 9. h3 b5 10. g4 b4 11. Ne2 Bb7 12. f5 c4 13. Be3 Ba6 14. Ng3 Nd7 15. Rb1 cxd3 16. cxd3 Nc5 17. Ne1 Qa5 18. Rf2 b3 19. axb3 Nxb3 20. Nc2 Ncd4 21. Nxd4 Bxd4 22. Bxd4 Nxd4 23. Ra1 Qb5 24. Qa4 Qe5 25. Qxa6 Qxg3 26. Qxa7 Qe3 27. Ra4 Rb6 28. Kf1 Nc6 29. Rf3 Qc1+ 0-1